Сборник трудов, посвященный XXV-летию научной и учебной деятельности заслуженного деятеля науки профессора М.С. Маслова (Запись № 7653272)

Подробности
000 -МАРКЕР
контрольное поле 11828nam0a22006251 4500
001 - ИДЕНТИФИКАТОР ЗАПИСИ
контрольное поле rc\2921270
005 - ИДЕНТИФИКАТОР ВЕРСИИ
контрольное поле 20250530040242.0
035 ## - ДРУГИЕ СИСТЕМНЫЕ НОМЕРА
Идентификатор записи (NLR Aleph) 007205600
100 ## - ДАННЫЕ ОБЩЕЙ ОБРАБОТКИ
Данные общей обработки 20110812d1937 |||y0rusy50 ca
101 0# - ЯЗЫК РЕСУРСА
Язык текста, звукозаписи и т.д. русский
102 ## - СТРАНА ПУБЛИКАЦИИ ИЛИ ПРОИЗВОДСТВА
Страна публикации Российская Федерация
105 ## - ПОЛЕ КОДИРОВАННЫХ ДАННЫХ: ТЕКСТОВЫЕ МАТЕРИАЛЫ, МОНОГРАФИЧЕСКИЕ
Кодированные данные о монографическом текстовом документе ca j |||||
200 1# - ЗАГЛАВИЕ И СВЕДЕНИЯ ОБ ОТВЕТСТВЕННОСТИ
Основное заглавие Сборник трудов, посвященный XXV-летию научной и учебной деятельности заслуженного деятеля науки профессора М.С. Маслова
Первые сведения об ответственности Отв. ред. нач.-военком Акад. дивврач А.Г. Кючарианц
Последующие сведения об ответственности Ред. коллегия: проф. Ю.А. Менделеева, проф. А.Ф. Тур, прив.-доц. В.Ф. Знаменский ...
-- Воен.-мед. акад. РККА им. С. М. Кирова и Ленингр. ин-т ОММ им. Клары Цеткин
210 ## - ПУБЛИКАЦИЯ, РАСПРОСТРАНЕНИЕ И ДР.
Место издания, распространения и т.д. Ленинград
Имя издателя, распространителя и т. д. изд-во и тип. Воен.-мед. акад. РККА им. С. М. Кирова
Дата издания, распространения и т.д. 1937
215 ## - ФИЗИЧЕСКАЯ ХАРАКТЕРИСТИКА
Специфическое обозначение материала и объем Супер-обл., пер., 341 с., 1 вкл. л. портр.
Другие сведения о физической характеристике ил., портр.
Размеры 21х15 см
300 ## - ОБЩИЕ ПРИМЕЧАНИЯ
Текст примечания На пер. загл.: "Сборник трудов, посвященный заслуженному деятелю науки профессору М.С. Маслову XXV"
320 ## - ПРИМЕЧАНИЯ О НАЛИЧИИ В ДОКУМЕНТЕ БИБЛИОГРАФИИ / УКАЗАТЕЛЯ
Текст примечания Библиогр.: "Литература" в конце статей
320 ## - ПРИМЕЧАНИЯ О НАЛИЧИИ В ДОКУМЕНТЕ БИБЛИОГРАФИИ / УКАЗАТЕЛЯ
Текст примечания Библиогр.: "Список науч. трудов проф. М.С. Маслова" (334-35)
320 ## - ПРИМЕЧАНИЯ О НАЛИЧИИ В ДОКУМЕНТЕ БИБЛИОГРАФИИ / УКАЗАТЕЛЯ
Текст примечания Библиогр.: "Список работ, вышедших под руководством проф. М.С. Маслова из руководимых им клиник с 1921 года по 1936 год" (с. 336-40)
327 1# - ПРИМЕЧАНИЯ О СОДЕРЖАНИИ
Текст примечания Содерж.: Тур А.Ф., Знаменский В.Ф.М.С. Маслов: (Краткий биогр. очерк и обзор науч.-иссл. деятельности).- Миллер-Шабанова М.В. Дальнейшие наблюдения над азотемическими кривыми у детей раннего возраста.- Стырикович В.Л. Гликемическая реакция и вскармливание при расстройствах питания в грудном возрасте.- Локшина Ф.А. Значение определения осмотической стойкости эритроцитов для функциональной диагностики кроветворного аппарата у детей.- Казанская Е.И.-
327 1# - ПРИМЕЧАНИЯ О СОДЕРЖАНИИ
-- ^^
Текст примечания Переливание крови при анемиях и некоторых других заболеваниях детского возраста и влияние его на гемопоэз.- Рысс М.Г. Гимнастика грудных детей, как метод профилактики и лечения хронических расстройств питания и предупреждения госпитализма.- Плям Э.М. Особенности гликемических кривых при токсическом поносе.- Виткинд Ю.Э., Лохов Д.Д. Перикардиты детского возраста.- Фридман Э.И., Виткинд Ю.Э. Об особенностях патогенеза пиурий у детей и их диагностика.- Муравина Р.М.-
327 1# - ПРИМЕЧАНИЯ О СОДЕРЖАНИИ
-- ^^
Текст примечания Кислотно-щелочное равновесие при эпидемическом и туберкулезном менингитах.- Абрамсон Т.Л. К вопросу о действии горчичного обертывания.- Юрьева Л.А. Содержание креатинина в крови у детей при брюшном тифе.- Знаменский В.Ф. Болезнь Симондса в детском возрасте.- Осетринкина М.С. Тромбоз легочной артерии у детей.- Краснокутская Л.А., Коняхина М.А. К вопросу о спорадическом зобе у детей и его влияние на обмен веществ.- Феоктистов В.И. Автоматическая сигнализация момента непроизвольного мочеиспускания грудных детей при постельном режиме.- Вайль В.С.-
327 1# - ПРИМЕЧАНИЯ О СОДЕРЖАНИИ
-- ^^
Текст примечания О так называемом "первичном серозном ленингите" в детском возрасте.- Морев В.И. К патогенезу токсической диспепсии
464 #0 - АНАЛИТИЧЕСКИЙ УРОВЕНЬ
Встроенное поле 2001#$aМ.С. Маслов$e(Краткий биогр. очерк и обзор науч.-иссл. деятельности)
-- 700#1$aТур$bА.Ф.$4070
-- 701#1$aЗнаменский$bВ.Ф.$4070
Заглавие М.С. Маслов
Автор Тур, А.Ф.
464 #0 - АНАЛИТИЧЕСКИЙ УРОВЕНЬ
Встроенное поле 2001#$aДальнейшие наблюдения над азотемическими кривыми у детей раннего возраста
-- 700#1$aМиллер-Шабанова$bМ.В.$4070
Заглавие Дальнейшие наблюдения над азотемическими кривыми у детей раннего возраста
Автор Миллер-Шабанова, М.В.
464 #0 - АНАЛИТИЧЕСКИЙ УРОВЕНЬ
Встроенное поле 2001#$aГликемическая реакция и вскармливание при расстройствах питания в грудном возрасте
-- 700#1$aСтырикович$bВ.Л.$4070
Заглавие Гликемическая реакция и вскармливание при расстройствах питания в грудном возрасте
Автор Стырикович, В.Л.
464 #0 - АНАЛИТИЧЕСКИЙ УРОВЕНЬ
Встроенное поле 2001#$aЗначение определения осмотической стойкости эритроцитов для функциональной диагностики кроветворного аппарата у детей
-- 700#1$aЛокшина$bФ.А.$4070
Заглавие Значение определения осмотической стойкости эритроцитов для функциональной диагностики кроветворного аппарата у детей
Автор Локшина, Ф.А.
464 #0 - АНАЛИТИЧЕСКИЙ УРОВЕНЬ
Встроенное поле 2001#$aПереливание крови при анемиях и некоторых других заболеваниях детского возраста и влияние его на гемопоэз
-- 700#1$aКазанская$bЕ.И.$4070
Заглавие Переливание крови при анемиях и некоторых других заболеваниях детского возраста и влияние его на гемопоэз
Автор Казанская, Е.И.
464 #0 - АНАЛИТИЧЕСКИЙ УРОВЕНЬ
Встроенное поле 2001#$aГимнастика грудных детей, как метод профилактики и лечения хронических расстройств питания и предупреждения госпитализма
-- 700#1$aРысс$bМ.Г.$4070
Заглавие Гимнастика грудных детей, как метод профилактики и лечения хронических расстройств питания и предупреждения госпитализма
Автор Рысс, М.Г.
464 #0 - АНАЛИТИЧЕСКИЙ УРОВЕНЬ
Встроенное поле 2001#$aОсобенности гликемических кривых при токсическом поносе
-- 700#1$aПлям$bЭ.М.$4070
Заглавие Особенности гликемических кривых при токсическом поносе
Автор Плям, Э.М.
464 #0 - АНАЛИТИЧЕСКИЙ УРОВЕНЬ
Встроенное поле 2001#$aПерикардиты детского возраста
-- 700#1$aВиткинд$bЮ.Э.$4070
-- 701#1$aЛохов$bД.Д.$4070
Заглавие Перикардиты детского возраста
Автор Виткинд, Ю.Э.
464 #0 - АНАЛИТИЧЕСКИЙ УРОВЕНЬ
Встроенное поле 2001#$aОб особенностях патогенеза пиурий у детей и их диагностика
-- 700#1$aФридман$bЭ.И.$4070
-- 701#1$aВиткинд$bЮ.Э.$4070
Заглавие Об особенностях патогенеза пиурий у детей и их диагностика
Автор Фридман, Э.И.
464 #0 - АНАЛИТИЧЕСКИЙ УРОВЕНЬ
Встроенное поле 2001#$aКислотно-щелочное равновесие при эпидемическом и туберкулезном менингитах
-- 700#1$aМуравина$bР.М.$4070
Заглавие Кислотно-щелочное равновесие при эпидемическом и туберкулезном менингитах
Автор Муравина, Р.М.
464 #0 - АНАЛИТИЧЕСКИЙ УРОВЕНЬ
Встроенное поле 2001#$aК вопросу о действии горчичного обертывания
-- 700#1$aАбрамсон$bТ.Л.$4070
Заглавие К вопросу о действии горчичного обертывания
Автор Абрамсон, Т.Л.
464 #0 - АНАЛИТИЧЕСКИЙ УРОВЕНЬ
Встроенное поле 2001#$aСодержание креатинина в крови у детей при брюшном тифе
-- 700#1$aЮрьева$bЛ.А.$4070
Заглавие Содержание креатинина в крови у детей при брюшном тифе
Автор Юрьева, Л.А.
464 #0 - АНАЛИТИЧЕСКИЙ УРОВЕНЬ
Встроенное поле 2001#$aБолезнь Симондса в детском возрасте
-- 700#1$aЗнаменский$bВ.Ф.$4070
Заглавие Болезнь Симондса в детском возрасте
Автор Знаменский, В.Ф.
464 #0 - АНАЛИТИЧЕСКИЙ УРОВЕНЬ
Встроенное поле 2001#$aТромбоз легочной артерии у детей
-- 700#1$aОсетринкина$bМ.С.$4070
Заглавие Тромбоз легочной артерии у детей
Автор Осетринкина, М.С.
464 #0 - АНАЛИТИЧЕСКИЙ УРОВЕНЬ
Встроенное поле 2001#$aК вопросу о спорадическом зобе у детей и его влияние на обмен веществ
-- 700#1$aКраснокутская$bЛ.А.$4070
-- 701#1$aКоняхина$bМ.А.$4070
Заглавие К вопросу о спорадическом зобе у детей и его влияние на обмен веществ
Автор Краснокутская, Л.А.
464 #0 - АНАЛИТИЧЕСКИЙ УРОВЕНЬ
Встроенное поле 2001#$aАвтоматическая сигнализация момента непроизвольного мочеиспускания грудных детей при постельном режиме
-- 700#1$aФеоктистов$bВ.И.$4070
Заглавие Автоматическая сигнализация момента непроизвольного мочеиспускания грудных детей при постельном режиме
Автор Феоктистов, В.И.
464 #0 - АНАЛИТИЧЕСКИЙ УРОВЕНЬ
Встроенное поле 2001#$aО так называемом "первичном серозном ленингите" в детском возрасте
-- 700#1$aВайль$bВ.С.$4070
Заглавие О так называемом "первичном серозном ленингите" в детском возрасте
Автор Вайль, В.С.
464 #0 - АНАЛИТИЧЕСКИЙ УРОВЕНЬ
Встроенное поле 2001#$aК патогенезу токсической диспепсии
-- 700#1$aМорев$bВ.И.$4070
Заглавие К патогенезу токсической диспепсии
Автор Морев, В.И.
517 00 - ДРУГИЕ ВАРИАНТЫ ЗАГЛАВИЯ
Вариант заглавия Сборник трудов, посвященный заслуженному деятелю науки профессору М.С. Маслову XXV
600 #1 - ИМЯ ЛИЦА КАК ПРЕДМЕТ
Начальный элемент ввода Маслов
Часть имени, кроме начального элемента ввода М.С.
Даты 1885-1961
Расширение инициалов личного имени Михаил Степанович
702 #1 - ИМЯ ЛИЦА - ВТОРИЧНАЯ ОТВЕТСТВЕННОСТЬ
Начальный элемент ввода Кючарианц
Часть имени, кроме начального элемента ввода А.Г.
Расширение инициалов личного имени Артур Григорьевич
Код отношения Редактор
702 #1 - ИМЯ ЛИЦА - ВТОРИЧНАЯ ОТВЕТСТВЕННОСТЬ
Начальный элемент ввода Менделеева
Часть имени, кроме начального элемента ввода Ю.А.
Код отношения Редактор
702 #1 - ИМЯ ЛИЦА - ВТОРИЧНАЯ ОТВЕТСТВЕННОСТЬ
Начальный элемент ввода Тур
Часть имени, кроме начального элемента ввода А.Ф.
Код отношения Редактор
702 #1 - ИМЯ ЛИЦА - ВТОРИЧНАЯ ОТВЕТСТВЕННОСТЬ
Начальный элемент ввода Знаменский
Часть имени, кроме начального элемента ввода В.Ф.
Код отношения Редактор
712 02 - НАИМЕНОВАНИЕ ОРГАНИЗАЦИИ - ВТОРИЧНАЯ ОТВЕТСТВЕННОСТЬ
Начальный элемент ввода Военно-медицинская академия им. С.М. Кирова
Идентифицирующий признак Ленинград
Код отношения Прочие
712 02 - НАИМЕНОВАНИЕ ОРГАНИЗАЦИИ - ВТОРИЧНАЯ ОТВЕТСТВЕННОСТЬ
Начальный элемент ввода Ленинградский научно-исследовательский институт охраны материнства и младенчества им. К. Цеткин
Код отношения Прочие
801 #0 - ИСТОЧНИК ЗАПИСИ
Страна Российская Федерация
Организация NLR
Правила каталогизации psbo
801 #1 - ИСТОЧНИК ЗАПИСИ
Страна Российская Федерация
Организация ELAR
Источник данных rusmarc
852 ## - МЕСТОНАХОЖДЕНИЕ И ШИФР ХРАНЕНИЯ
Идентификатор организации NLR
Шифр хранения (Call Number) 37-3/1123
942 ## - ДОПОЛНИТЕЛЬНЫЕ ЭЛЕМЕНТЫ ЗАПИСИ (АБИС)
Тип экземпляра АБИС Книга
980 ## - КОЛЛЕКЦИЯ
Название коллекции Национальная библиография
Экземпляры
Тип экземпляра Дата поступления Библиотека постоянного хранения Библиотека текущего хранения Место хранения Шифр хранения Штрих-код Статус экземпляра
Книга 26.10.2013 РНБ (Садовая) РНБ (Садовая) Русский книжный фонд -Главное здание, Ленинский читальный зал 37-3/1123 7205600-10